Die Konvention von Reichenbach (Record no. 23807)
[ view plain ]
| 000 -LEADER | |
|---|---|
| fixed length control field | 00696cam a22002411 4500 |
| 001 - CONTROL NUMBER | |
| control field | g 01001668 |
| 003 - CONTROL NUMBER IDENTIFIER | |
| control field | DLC |
| 005 - DATE AND TIME OF LATEST TRANSACTION | |
| control field | 20260227111255.0 |
| 008 - FIXED-LENGTH DATA ELEMENTS--GENERAL INFORMATION | |
| fixed length control field | 930706s1898 gw 000 0 ger |
| 010 ## - LIBRARY OF CONGRESS CONTROL NUMBER | |
| LC control number | g 01001668 |
| 035 ## - SYSTEM CONTROL NUMBER | |
| System control number | (OCoLC)28387355 |
| 040 ## - CATALOGING SOURCE | |
| Original cataloging agency | DLC |
| Transcribing agency | CU |
| Modifying agency | CU |
| -- | DLC |
| 042 ## - AUTHENTICATION CODE | |
| Authentication code | premarc |
| 050 00 - LIBRARY OF CONGRESS CALL NUMBER | |
| Classification number | DB77 |
| Item number | .R5 |
| 100 1# - MAIN ENTRY--PERSONAL NAME | |
| Personal name | Ritter, Paul, |
| Dates associated with a name | 1872- |
| 245 04 - TITLE STATEMENT | |
| Title | Die Konvention von Reichenbach |
| Remainder of title | (27. Juli 1790) ... |
| 260 ## - PUBLICATION, DISTRIBUTION, ETC. | |
| Place of publication, distribution, etc. | Berlin, |
| Name of publisher, distributor, etc. | Buchdr. von A. Winser |
| Date of publication, distribution, etc. | [1898] |
| 300 ## - PHYSICAL DESCRIPTION | |
| Extent | 34, [2] p. |
| Dimensions | 22 cm. |
| 410 10 - SERIES STATEMENT/ADDED ENTRY--CORPORATE NAME [OBSOLETE, CAN/MARC], [LOCAL, USA] | |
| Corporate name or jurisdiction name as entry element | [Berlin. |
| Subordinate unit | Universität. |
| Title of a work | Dissertationen, |
| Volume number/sequential designation | v. 19, no. 7] |
| 502 ## - DISSERTATION NOTE | |
| Dissertation note | Inaug.-diss.--Berlin. |
| 500 ## - GENERAL NOTE | |
| General note | Vita. |
| 611 20 - SUBJECT ADDED ENTRY--MEETING NAME | |
| Meeting name or jurisdiction name as entry element | Reichenbach Convention |
| Date of meeting or treaty signing | (1790) |
No items available.